| 000 | 00862nas a2200265 4500 | ||
|---|---|---|---|
| 001 | BR7801292 | ||
| 003 | BR-BrBNA | ||
| 005 | 20231205083342.0 | ||
| 007 | ta | ||
| 008 | 230509b bl.|||p| |||| 00| 00por d | ||
| 040 |
_aBR-BrBNA _bpor _cBiblioteca Nacional de Agricultura |
||
| 041 | _a(Pt) | ||
| 072 | _aF50; F60 | ||
| 100 | 1 | _aLedo, A.A.M. | |
| 245 | 1 | _aEstudo anatomico do tegumento de semente de orelha de Negro (Enterolobium contortisiliquum (Vell)Maron Marong.)[dormencia da semente, germinacao, leguminosa] | |
| 650 | _aANATOMIA VEGETAL | ||
| 650 | _aFISIOLOGIA VEGETAL | ||
| 650 | _aTIMBAUVA | ||
| 650 | _aDORMENCIA DA SEMENTE | ||
| 650 | _aGERMINACAO | ||
| 650 | _aLEGUMINOSA | ||
| 773 | 0 |
_tCaderno Omega (Brazil) _xISSN 0100-2732 _g(Dec 1977), v. 1(2) p. 7-13 _wBR7801292 |
|
| 909 |
_a202311 _bLúcia _c55 _dLúcia Elande |
||
| 942 |
_2AGRIS _n0 _cANA |
||
| 999 |
_c98174 _d98174 |
||